000 00333 a2200157 4500
250 _a3ème éd.
245 _aDCEM3 : métabolisme, nutrition
100 _aCharbonnel
700 _aGuiller
260 _c1987
300 _a121 p.
035 _a3895
999 _c17511
_d17511